গণতন্ত্রের মানসপুত্র হোসেন শহীদ সোহরাওয়ার্দী / (Record no. 5988)
[ view plain ]
| 000 -LEADER | |
|---|---|
| fixed length control field | 00711nam a22001817a 4500 |
| 003 - CONTROL NUMBER IDENTIFIER | |
| control field | BUBTL |
| 008 - FIXED-LENGTH DATA ELEMENTS--GENERAL INFORMATION | |
| fixed length control field | 190424b xxu||||| |||| 00| 0 eng d |
| 020 ## - INTERNATIONAL STANDARD BOOK NUMBER | |
| International Standard Book Number | 978-984-06-1570-9 |
| 082 ## - DEWEY DECIMAL CLASSIFICATION NUMBER | |
| Classification number | 923.15492 / AHG |
| 100 ## - MAIN ENTRY--PERSONAL NAME | |
| 9 (RLIN) | 2021 |
| Personal name | আহমেদ, সিরাজ উদদীন |
| 245 ## - TITLE STATEMENT | |
| Title | গণতন্ত্রের মানসপুত্র হোসেন শহীদ সোহরাওয়ার্দী / |
| Statement of responsibility, etc. | সিরাজ উদদীন আহমেদ |
| 260 ## - PUBLICATION, DISTRIBUTION, ETC. (IMPRINT) | |
| Place of publication, distribution, etc. | Dhaka : |
| Name of publisher, distributor, etc. | Islamic Faundation |
| Date of publication, distribution, etc. | c2016 |
| 300 ## - PHYSICAL DESCRIPTION | |
| Extent | 663 p. : |
| Dimensions | 22 cm. |
| 650 #0 - SUBJECT ADDED ENTRY--TOPICAL TERM | |
| 9 (RLIN) | 1755 |
| Topical term or geographic name as entry element | মুক্তিযুদ্ধ |
| 856 ## - ELECTRONIC LOCATION AND ACCESS | |
| Password | 0 |
| Logon | 0 |
| Link text | Download |
| 942 ## - ADDED ENTRY ELEMENTS (KOHA) | |
| Source of classification or shelving scheme | |
| Koha item type | Books |
| Withdrawn status | Lost status | Source of classification or shelving scheme | Damaged status | Not for loan | Collection code | Permanent location | Current location | Shelving location | Date acquired | Inventory number | Total Checkouts | Full call number | Barcode | Date last seen | Copy number | Price effective from | Koha item type |
|---|---|---|---|---|---|---|---|---|---|---|---|---|---|---|---|---|---|
| Not For Loan | Fiction | Bangladesh University of Business and Technology Library | Bangladesh University of Business and Technology Library | 12/10/2017 | 24527 | 923.15492 / AHG | BUBTL-200324527 | 04/24/2019 | C-1 | 04/24/2019 | Books | ||||||
| Fiction | Bangladesh University of Business and Technology Library | Bangladesh University of Business and Technology Library | 12/10/2017 | 24528 | 923.15492 / AHG | BUBTL-200324528 | 04/24/2019 | C-2 | 04/24/2019 | Books | |||||||
| Fiction | Bangladesh University of Business and Technology Library | Bangladesh University of Business and Technology Library | 12/10/2017 | 24529 | 923.15492 / AHG | BUBTL-200324529 | 04/24/2019 | C-3 | 04/24/2019 | Books | |||||||
| Fiction | Bangladesh University of Business and Technology Library | Bangladesh University of Business and Technology Library | 12/10/2017 | 24530 | 923.15492 / AHG | BUBTL-200324530 | 04/24/2019 | C-4 | 04/24/2019 | Books | |||||||
| Fiction | Bangladesh University of Business and Technology Library | Bangladesh University of Business and Technology Library | 12/10/2017 | 24531 | 923.15492 / AHG | BUBTL-200324531 | 04/24/2019 | C-5 | 04/24/2019 | Books | |||||||
| Fiction | Bangladesh University of Business and Technology Library | Bangladesh University of Business and Technology Library | 12/10/2017 | 24522 | 923.15492 / AHG | BUBTL-200324522 | 09/11/2019 | C-6 | 09/11/2019 | Books | |||||||
| Fiction | Bangladesh University of Business and Technology Library | Bangladesh University of Business and Technology Library | 12/10/2017 | 24523 | 923.15492 / AHG | BUBTL-200324523 | 09/11/2019 | C-7 | 09/11/2019 | Books | |||||||
| Fiction | Bangladesh University of Business and Technology Library | Bangladesh University of Business and Technology Library | 12/10/2017 | 24524 | 923.15492 / AHG | BUBTL-200324524 | 09/11/2019 | C-8 | 09/11/2019 | Books | |||||||
| Fiction | Bangladesh University of Business and Technology Library | Bangladesh University of Business and Technology Library | 12/10/2017 | 24525 | 923.15492 / AHG | BUBTL-200324525 | 09/11/2019 | C-9 | 09/11/2019 | Books | |||||||
| Fiction | Bangladesh University of Business and Technology Library | Bangladesh University of Business and Technology Library | 12/10/2017 | 24526 | 923.15492 / AHG | BUBTL-200324526 | 09/11/2019 | C-10 | 09/11/2019 | Books |
